|
|
|
|
| LEADER |
01198nam a22002537a 4500 |
| 008 |
970626muuuu9999ii ab 001 0 eng |
| 999 |
|
|
|c 333999
|d 333999
|
| 082 |
|
|
|a 954
|
| 100 |
2 |
|
|a Nilakanta Sastri, K A
|
| 245 |
1 |
0 |
|a History of India
|h [microform] /
|c K.A. Nilakanta Sastri.
|
| 250 |
|
|
|a 1st ed.
|
| 260 |
|
|
|a Madras :
|b S. Viswanathan,
|c <1952- >
|
| 300 |
|
|
|a v. <2-3 > ;
|c 22 cm.
|
| 504 |
|
|
|a Includes bibliographical references and index.
|
| 505 |
1 |
|
|a -- pt. 2. Mediaeval India -- pt. 3. Modern India.
|
| 650 |
|
|
|a India
|
| 700 |
|
|
|e Nilakanta Sastri, K A
|
| 942 |
|
|
|c BK
|
| 533 |
|
|
|a Microfilm.
|b New Delhi :
|c Library of Congress Office ;
|b Chicago :
|c Available from Center for Research Libraries,
|d 1996- .
|e On 1 microfilm reel with other items ; 35 mm.
|f (SAMP early 20th-century Indian books project ; item 10639)
|n Master microform held by: ICRL.
|
| 651 |
|
0 |
|a India
|x History.
|
| 830 |
|
0 |
|a SAMP early 20th-century Indian books project ;
|v item 10639.
|
| 906 |
|
|
|a 7
|b cbc
|c origode
|d 5
|e ncip
|f 19
|g y-genmicro
|
| 955 |
|
|
|a wd14;11/14/96
|
| 952 |
|
|
|0 0
|1 0
|2 ddc
|4 0
|6 954_000000000000000_SAS_H_2
|7 0
|9 381880
|a HIS
|b HIS
|c ST1
|d 2019-04-11
|i 1268
|l 0
|o 954 SAS/H.2
|p HIS1268
|r 2019-04-11
|w 2019-04-11
|y BK
|